000 00256cam a2200097ua 4500
082 _a016.6145999
_bWOR/BI
245 _aBibliography on the Epidemiology of Cancer
260 _aGeneva :
_bWorld Health Organisation ,
_c1963.
300 _a168 ; .
942 _cREF
999 _c8903
_d8903